000
00238nam a22001097a 4500
020
_a
978-1-84121-412-2
082
_a
823
_b
ANH/R
100
_a
ANHOLT, LAURENCE
245
_a
RUMPLY CRUMPLY STINKY PIN
260
_b
ORCHARD BOOKS
942
_c
BK
999
_c
5725
_d
5725